De stoute globetrotter. (Record no. 1848)

MARC details
000 -LEADER
fixed length control field 00569cam a22002051 4500
001 - CONTROL NUMBER
control field af 47002721
003 - CONTROL NUMBER IDENTIFIER
control field DLC
005 - DATE AND TIME OF LATEST TRANSACTION
control field 20260227110815.0
008 - FIXED-LENGTH DATA ELEMENTS--GENERAL INFORMATION
fixed length control field 850424s1945 be ab 000 0 dut
010 ## - LIBRARY OF CONGRESS CONTROL NUMBER
LC control number af 47002721
035 ## - SYSTEM CONTROL NUMBER
System control number (OCoLC)11958446
040 ## - CATALOGING SOURCE
Original cataloging agency DLC
Transcribing agency CoD
Modifying agency DLC
042 ## - AUTHENTICATION CODE
Authentication code premarc
050 00 - LIBRARY OF CONGRESS CALL NUMBER
Classification number F591
Item number .S636
100 1# - MAIN ENTRY--PERSONAL NAME
Personal name Leysen, Achiel.
245 13 - TITLE STATEMENT
Title De stoute globetrotter.
260 ## - PUBLICATION, DISTRIBUTION, ETC.
Place of publication, distribution, etc. Roeselare,
Name of publisher, distributor, etc. Hernieuwen-utigaven
Date of publication, distribution, etc. [1945]
300 ## - PHYSICAL DESCRIPTION
Extent 201, [1] p., 1 leaf.
Other physical details front. (fold. map) illus.
Dimensions 21 cm.
600 10 - SUBJECT ADDED ENTRY--PERSONAL NAME
Personal name Smet, Pierre-Jean de,
Dates associated with a name 1801-1873.

No items available.

Powered by Koha